000 01898cam a22005054i 4500
003 PE-LiUPU
005 20250731173356.0
008 150706s2009 xxu r 000 0 spa d
020 _a9781602553002
035 _a(Sirsi) i9781602553002
040 _aPE-LiUPU
_bspa
_cPE-LiUPU
_erda
049 _aPRUA
082 0 4 _a253.5
_bM12
_221
100 1 _aMacArthur, John,
_eautor.
245 1 3 _aLa consejería :
_bcómo aconsejar bíblicamente /
_cJohn MacArthur.
264 1 _aNashville :
_bGrupo Nelson,
_c2009.
300 _a400 páginas ;
_c24 centímetros.
336 _atext
_2rdacontent
337 _aunmediated
_2rdamedia
338 _avolume
_2rdacarrier
490 1 _aLa biblioteca del pastor
505 0 _aTransfondo histórico de la consejería bíblica -- Fundamentos Teológicos de la consejería bíblica -- El proceso de la consejería bíblica -- La práctica de la consejería bíblica.
526 _aSEG42
526 _aSEG41
526 _aSEG40
526 _aSEG39
526 _aP94
526 _aP87
526 _aP86
526 _aP85
526 _aP77
526 _aP76
526 _aP35
541 _g001-0000479;
650 0 4 _aConsejería pastoral.
_91495
650 0 4 _aDiscipulado (Cristianismo)
_9847
650 0 4 _aPsicología pastoral.
700 1 _aSánchez, Jorge,
_etr.
910 _agl
_bng
_cng
_d20101026
942 _2ddc
_cBOOK
949 _a253.5 M12
_wDEWEY
_c1
_i62231
_d2016-4-11
_e2016-4-8
_lCCODEBUL1
_mBUL
_n1
_p15.00
_r0
_sY
_tBOOK
_u2015-7-6
_xTEOLOGIA
_PP35
_0COMPRA
_o.STAFF. Colección Teología
994 _aC0
_bPEPRU
596 _a1
999 _a253.5 M12
_wDEWEY
_c51312
_i62231
_d51312
_e2016-4-8
_f2021-11-10
_g5
_lCCODEBUL1
_mBUL
_n1
_p15.00
_q3
_r0
_sY
_tBOOK
_u2015-7-6
_xTEOLOGIA
_PP35
_0COMPRA
_o.STAFF. Colección Teología
980 _81
_gALBERTO SANCHEZ Responsable de Automatización